00639nam a2200205 a 4500003000400000005001700004008004100021040002400062041000800086082001800094100002000112245010700132250001100239260006400250300001000314440004000324653002400364653002700388856001800415OSt20131016180506.0131016s2003 ag ||||| |||| 00| 0 spa d cBiblioteca Medicina aspa bCONGRESOS 0541 aMaceira, Daniel00aSeminario IV: Instituciones Sanitarias en un Pais Federal, las Obras Sociales Provinciales en contexto a1ยบ ed aBuenos AiresbCentro de Estudios de Estado y Sociedadc2003 a37 p. 0aSeminarios Salud y Politica Publica aSALUD-INSTITUCIONES aOBRAS SOCIALES-ESTUDIO awww.cedes.org